Statistics for Find countries on...#4

Click here to take the quiz!

General Stats

  • This quiz has been taken 27 times
  • The average score is 4 of 5

Answers on the Map

Answers color-coded by a green-red scale on the quiz's map according to % correct below.
 

Answer Stats

Answer% Correct
Ukraine
100%
Belgium
96%
Bosnia And Herzegovina
85%
Iraq
85%
Albania
81%

Score Distribution

Percentile by Number Answered

Percent of People with Each Score

Your Score History

You have not taken this quiz